<?xml version="1.0" encoding="UTF-8"?>
<record
    xmlns:xsi="http://www.w3.org/2001/XMLSchema-instance"
    xsi:schemaLocation="http://www.loc.gov/MARC21/slim http://www.loc.gov/standards/marcxml/schema/MARC21slim.xsd"
    xmlns="http://www.loc.gov/MARC21/slim">

  <leader>01200cam a2200277 a 4500</leader>
  <controlfield tag="003">EG-GiCUC</controlfield>
  <controlfield tag="005">20250223032429.0</controlfield>
  <controlfield tag="008">191102s1997    ua dho f m    000 0 eng d</controlfield>
  <datafield tag="040" ind1=" " ind2=" ">
    <subfield code="a">EG-GiCUC</subfield>
    <subfield code="b">eng</subfield>
    <subfield code="c">EG-GiCUC</subfield>
  </datafield>
  <datafield tag="041" ind1="0" ind2=" ">
    <subfield code="a">eng</subfield>
  </datafield>
  <datafield tag="049" ind1=" " ind2=" ">
    <subfield code="a">Deposite </subfield>
  </datafield>
  <datafield tag="097" ind1=" " ind2=" ">
    <subfield code="a">Ph.D</subfield>
  </datafield>
  <datafield tag="099" ind1=" " ind2=" ">
    <subfield code="a">Cai01.09.03.Ph.D.1997.Ma.I</subfield>
  </datafield>
  <datafield tag="100" ind1="0" ind2=" ">
    <subfield code="a">Maha Ahmed Niazy </subfield>
  </datafield>
  <datafield tag="245" ind1="1" ind2="3">
    <subfield code="a">An Investigation into the effect of certain varables on microleak age of resin-veneered glass inonomer cement restorations / </subfield>
    <subfield code="c">Maha Ahmed Niazy ; Supervised Aly Nour , Fayez Hassan </subfield>
  </datafield>
  <datafield tag="246" ind1="1" ind2="5">
    <subfield code="a">&#x62F;&#x631;&#x627;&#x633;&#x629; &#x644;&#x628;&#x62D;&#x62B; &#x62A;&#x623;&#x62B;&#x64A;&#x631; &#x645;&#x62A;&#x63A;&#x64A;&#x631;&#x627;&#x62A; &#x645;&#x639;&#x64A;&#x646;&#x629; &#x639;&#x644;&#x649; &#x62F;&#x631;&#x62C;&#x629; &#x627;&#x644;&#x62A;&#x633;&#x631;&#x628; &#x641;&#x649; &#x627;&#x644;&#x62D;&#x634;&#x648;&#x627;&#x62A; &#x627;&#x644;&#x631;&#x627;&#x62A;&#x646;&#x62C;&#x64A;&#x629; &#x627;&#x644;&#x645;&#x63A;&#x637;&#x627;&#x647; &#x644;&#x632;&#x62C;&#x627;&#x62C; &#x627;&#x644;&#x623;&#x64A;&#x648;&#x646;&#x648;&#x645;&#x631; </subfield>
  </datafield>
  <datafield tag="260" ind1=" " ind2=" ">
    <subfield code="a">Cairo : </subfield>
    <subfield code="b">Maha Ahmed Niazy , </subfield>
    <subfield code="c">1997</subfield>
  </datafield>
  <datafield tag="300" ind1=" " ind2=" ">
    <subfield code="a">110 Leaves : </subfield>
    <subfield code="b">charts , facsimiles , photpghraphs ; </subfield>
    <subfield code="c">30cm </subfield>
  </datafield>
  <datafield tag="502" ind1=" " ind2=" ">
    <subfield code="a">Thesis (Ph.D.) - Cairo University - Faculty of Oral and Dental Medicine - Department of Operative Dentistry </subfield>
  </datafield>
  <datafield tag="700" ind1="0" ind2=" ">
    <subfield code="a">Aly Nour , </subfield>
    <subfield code="e">Supervisor </subfield>
  </datafield>
  <datafield tag="700" ind1="0" ind2=" ">
    <subfield code="a">Fayez Hassan , </subfield>
    <subfield code="e">Supervisor </subfield>
  </datafield>
  <datafield tag="856" ind1=" " ind2=" ">
    <subfield code="u">http://172.23.153.220/th.pdf</subfield>
  </datafield>
  <datafield tag="905" ind1=" " ind2=" ">
    <subfield code="a">Nazla</subfield>
    <subfield code="e">Revisor</subfield>
  </datafield>
  <datafield tag="905" ind1=" " ind2=" ">
    <subfield code="a">Shimaa</subfield>
    <subfield code="e">Cataloger</subfield>
  </datafield>
  <datafield tag="942" ind1=" " ind2=" ">
    <subfield code="2">ddc</subfield>
    <subfield code="c">TH</subfield>
  </datafield>
  <datafield tag="999" ind1=" " ind2=" ">
    <subfield code="c">74902</subfield>
    <subfield code="d">74902</subfield>
  </datafield>
  <datafield tag="952" ind1=" " ind2=" ">
    <subfield code="2">ddc</subfield>
    <subfield code="7">0</subfield>
    <subfield code="a">CUCL</subfield>
    <subfield code="b">cl210</subfield>
    <subfield code="d">2024-02-11</subfield>
    <subfield code="o">Cai01.09.03.Ph.D.1997.Ma.I</subfield>
    <subfield code="p">01010110031476000</subfield>
    <subfield code="r">2023-09-22 00:00:00</subfield>
    <subfield code="y">TH</subfield>
  </datafield>
</record>
